| 000 | 00347nam a22001457a 4500 | ||
|---|---|---|---|
| 020 | _a978-81-219-1103-0 | ||
| 082 | _a336 | ||
| 100 | _aSingh, S. K. | ||
| 245 | _aPublic Finance in Theory and Practice | ||
| 250 | _a9th | ||
| 260 |
_aNew Delhi: _bS. Chand, _c2025 |
||
| 300 |
_axiv, 736p.: _bill.; 24cm |
||
| 500 | _aInclude, Index. | ||
| 942 | _cBK | ||
| 999 |
_c22237 _d22237 |
||